000
00284nam a22001217a 4500
082
_a
671.52 WEL'G
100
_a
GRIFFING, L
_9
76038
245
_a
WELDING HANDBOOK METALS AND THIER WELDABILITY
250
_a
6TH
260
_a
LONDON
_b
MACMILLAN
_c
1972
300
_a
74-21
942
_c
BK
999
_c
581439
_d
581439